000 01290nam a22003375i 4500
001 162323
003 ES-MaACL
005 20250725063230.0
008 041111s1803 fr ac |||| | fre d
040 _aCAM
_bspa
_cCAM
080 _a929(37)
080 _a929(38)
100 0 _aPlutarco
_eaut
_992678
245 1 4 _aLes vies des hommes illustres.
_nTome sixième /
_cde Plutarque ; traduites en françois, avec des remarques historiques et critiques, par M. Dacier.
250 _aNouv. éd., rev. et corr.
260 _aA Lyon :
_bchez Amable Leroy,
_c1803.
300 _a[4], 446 páginas, [1] hoja en blanco, [4] hojas de láminas ;
_c17 cm
505 0 _aPyrrhus; Caïus Marius; Lysandre; Sylla
597 _aSign.: []2, A-S12, T8.
597 _aAntep.
599 _aLáminas de grab. xil.: retratos de los biografiados
600 0 4 _aPirro,
_cRey de Epiro
_9131182
600 1 4 _aLisandro
_9128973
600 1 4 _aSila, Lucio Cornelio
_9132728
600 1 4 _aMario, Cayo,
_d156-86 a. C.
_9149932
700 1 _aDacier, André,
_d1651-1722
_etrl
_9126689
852 _aES-MaACL
_cDEPOZ
_fEx-libris ms. de Juan Antonio Posse, cura de San Andrés
_jZ-258
_xPasta española
942 _2udc
_cMONANT
_n0
999 _c162323
_d162323